| 000 | 02212nam a22003977a 4500 | ||
|---|---|---|---|
| 005 | 20210325185018.0 | ||
| 008 | s2528 th tha d | ||
| 020 | _a9748185109 | ||
| 041 | _atha | ||
| 090 | _aอ AE60 ค962ส 2528 ล.9 | ||
| 110 | 0 | _aโครงการสารานุกรมไทยสำหรับเยาวชน | |
| 245 | 1 | 0 | _aสารานุกรมไทยสำหรับเยาวชน เล่ม 9 |
| 260 | 3 |
_aกรุงเทพฯ : _bสำนักงานกลาง โครงการสารานุกรมไทยสำหรับเยาวชน, _c2528 |
|
| 300 |
_a255 หน้า : _b ภาพประกอบ ; _c 29 ซม. |
||
| 610 | _aโครงการสารานุกรมไทยสำหรับเยาวชน | ||
| 650 | 0 | 4 | _aโภชนาการ |
| 650 | 0 | 4 | _aการตรวจศพ |
| 650 | 0 | 4 | _aการทำแท้ง |
| 650 | 0 | 4 | _aคุมกำเนิด |
| 650 | 0 | 4 | _aนรีเวชวิทยา |
| 650 | 0 | 4 | _aฟัน -- การดูแลและสุขวิทยา |
| 650 | 0 | 4 | _aมะเร็ง |
| 650 | 0 | 4 | _aยาเสพย์ติด |
| 650 | 0 | 4 | _aรังสีวิทยา |
| 650 | 0 | 4 | _aวัตถุออกฤทธิ์ต่อจิตและประสาท |
| 650 | 0 | 4 | _aสาธารณสุข |
| 650 | 0 | 4 | _aสารานุกรม |
| 650 | 0 | 4 | _aสูติศาตร์ |
| 650 | 0 | 4 | _aเวชศาสตร์ |
| 650 | 0 | 4 | _aเหงือก -- โรค |
| 650 | 0 | 4 | _aเหงือก -- โรคเวชศาสตร์สูติศาตร์สารานุกรมสาธารณสุขวัตถุออกฤทธิ์ต่อจิตและประสาทรังสีวิทยายาเสพย์ติดมะเร็งฟัน -- การดูแลและสุขวิทยานรีเวชวิทยาคุมกำเนิดการทำแท้งการตรวจศพโภชนาการ |
| 850 | _aNALT | ||
| 942 | _cREF | ||
| 997 | _c000000000021502 | ||
| 998 | _aBENJALUCK | ||
| 999 |
_c21502 _d21502 |
||